| 000 | 00585nam a22002057a 4500 | ||
|---|---|---|---|
| 003 | OSt | ||
| 005 | 20140310182933.0 | ||
| 008 | 130131t xxu||||| |||| 00| 0 eng d | ||
| 020 | _a9789712725067 (pbk.) | ||
| 050 |
_aHT 609 _b.Az997 2010 |
||
| 082 |
_aFIL 320.9599 .A97 2010 _b.Az997 2010 |
||
| 245 |
_aPower and privilege _bessays on politics, economics, and government _cAzurin, Rene B. |
||
| 260 |
_aManila _bAnvil Pub. _cc2010 |
||
| 300 |
_axiii, 305 p. _c21 cm. |
||
| 521 | _aCollege | ||
| 526 | _c1210L-1700L | ||
| 541 | _j1 | ||
| 562 | _e1 | ||
| 942 |
_2lcc _cBK _kFIL |
||
| 999 |
_c17562 _d17562 |
||